00388nam a22001337a 450000500170000002000180001708200130003510000250004824500390007326000260011230000140013850000880015265000140024020251122142759.0 a9789552313516 a540bPER aPerera, K. Sarath D. aApplications in chemistry: unit 6/ aNawala:bOUSL,c2012. aiv, 103p. aFoundation courses in Science and Engineering : level 2 Under the Natural Science. 0aChemistry